| 000 | 00942nam a22002777a 4500 | ||
|---|---|---|---|
| 001 | 5555 | ||
| 003 | FISKH | ||
| 005 | 20250131101329.0 | ||
| 008 | 241217b cb ||||| |||| 00| 0 eng d | ||
| 020 | _a9780756676742 | ||
| 040 |
_aFISKH _beng _cFISKH _dFISKH |
||
| 050 | _aQB983 | ||
| 082 | _a520 | ||
| 100 | _aGoldfish, Mike | ||
| 245 |
_aAmazing space Q&A : _bEverything you never knew about space / _cby Dr. Mike Goldsmith |
||
| 260 |
_aLondon : _bDK Publishing , _c2011. |
||
| 300 |
_a61 pages : _bcolor illustrations ; _c28 cm . |
||
| 505 | _aU | ||
| 520 | _aExplores the universe, from cosmic dust to supergiant stars, offering readers a basic knowledge about space and the mysteries that can be found there. | ||
| 521 | 8 |
_a820
_bLexile estimate |
|
| 521 | 8 |
_aU
_bRaz-Plus |
|
| 650 |
_acurriculum resources _vNon-fiction |
||
| 700 |
_aMitton, Jacqueline _eConsultant |
||
| 942 |
_2ddc _cBK _n0 |
||
| 999 |
_c5555 _d5555 |
||